APPLIDE NUMERICAL METHODS WITH PERSONAL COMPUTERS (Record no. 22447)

MARC details
000 -LEADER
fixed length control field 00503nam a22001697a 4500
003 - CONTROL NUMBER IDENTIFIER
control field OSt
005 - DATE AND TIME OF LATEST TRANSACTION
control field 20211213161458.0
008 - FIXED-LENGTH DATA ELEMENTS--GENERAL INFORMATION
fixed length control field 211213b |||||||| |||| 00| 0 eng d
020 ## - INTERNATIONAL STANDARD BOOK NUMBER
International Standard Book Number 0-07-100168-9
040 ## - CATALOGING SOURCE
Transcribing agency HAWASSA UNIVERSITY
050 ## - LIBRARY OF CONGRESS CALL NUMBER
Classification number 519.40285/CON
Item number 1
082 ## - DEWEY DECIMAL CLASSIFICATION NUMBER
Classification number 519.40285/CON
Item number 1
100 ## - MAIN ENTRY--PERSONAL NAME
Personal name CONSTANTINIDES ALKIS
Fuller form of name CONSTANTINIDES ALKIS
9 (RLIN) 22848
245 ## - TITLE STATEMENT
Title APPLIDE NUMERICAL METHODS WITH PERSONAL COMPUTERS
260 ## - PUBLICATION, DISTRIBUTION, ETC.
Place of publication, distribution, etc. NEW YORK
Name of publisher, distributor, etc. MCGRAW-HILL BOOK CAMPANY
Date of publication, distribution, etc. 1987
942 ## - ADDED ENTRY ELEMENTS (KOHA)
Source of classification or shelving scheme Dewey Decimal Classification
Koha item type Books like text book referance book
Suppress in OPAC No
Holdings
Withdrawn status Lost status Source of classification or shelving scheme Damaged status Not for loan Home library Current library Date acquired Total Checkouts Full call number Barcode Date last seen Copy number Price effective from Koha item type
    Dewey Decimal Classification     College of Agriculture Library College of Agriculture Library 12/13/2021   519.40285/CON ALIB0013663 12/13/2021 1 12/13/2021 Books like text book referance book